000
00264nam a22001217a 4500
041
_a
ENG
100
_a
Jamwal.K .S
245
_a
Maintenance Of Electronic Equipments
260
_a
Delhi
_b
Danapat Rai &Co
_c
2000
300
_a
50
650
_a
EOES
856
_u
EOES
999
_c
516
_d
516